Coming out of the shadows (Registro nro. 33410)

Detalles MARC
000 -LEADER
fixed length control field 00361 a2200121 4500
001 - CONTROL NUMBER
control field ART_43590
005 - DATE AND TIME OF LATEST TRANSACTION
control field 20260410162024.0
008 - FIXED-LENGTH DATA ELEMENTS--GENERAL INFORMATION
fixed length control field 260409a
100 1# - MAIN ENTRY--PERSONAL NAME
Personal name Kossoudji, Sherrie A.
245 10 - TITLE STATEMENT
Title Coming out of the shadows
700 1# - ADDED ENTRY--PERSONAL NAME
Personal name Cobb-Clark, Deborah A.
773 0# - HOST ITEM ENTRY
Title Journal of labor economics
Related parts - Vol. 20, Nº 3 (jul. 2002)
Record control number REV43438

No hay ítems disponibles.